[Event "PNWCC vs Europe Hybrid 08"]
[Site "Chess.com INT"]
[Date "2022.08.20"]
[Round "4"]
[White "Jiang, Brandon"]
[Black "Simeonov, Stefan"]
[Result "1/2-1/2"]
[WhiteElo "2060"]
[BlackElo "2159"]
[PlyCount "74"]
[EventDate "2022.08.19"]
[EventType "team-match"]
[EventRounds "8"]
[EventCountry "USA"]
[SourceTitle "EXT 2024"]
[Source "ChessBase"]
[SourceDate "2023.10.10"]
[SourceVersion "1"]
[SourceVersionDate "2023.10.10"]
[SourceQuality "1"]
[WhiteTeam "PNWCC"]
[BlackTeam "Europe"]
[WhiteTeamCountry "USA"]

1. e4 c5 2. Nf3 a6 3. d3 g6 4. g3 Bg7 5. Bg2 d6 6. 0-0 Nc6 7. c3 Nf6 8. Qe2 0-0 9. Nbd2 e5 10. Nh4 Re8 11. f4 exf4 12. gxf4 Nxe4 13. Nxe4 d5 14. Qf2 dxe4 15. dxe4 Bg4 16. Be3 c4 17. Nf3 Qc7 18. Nd4 Rad8 19. e5 Ne7 20. a4 Nd5 21. Rfe1 Nxe3 22. Qxe3 Bf8 23. Qg3 Bh5 24. Kh1 Bc5 25. Nf5 Qd7 26. Be4 Kh8 27. Ne3 Qe6 28. Qg2 Rd3 29. Nd5 Rd8 30. Bxd3 cxd3 31. c4 Qf5 32. Rad1 g5 33. b4 Bd4 34. Ne7 Qe6 35. Nd5 Qf5 36. Ne7 Qe6 37. Nd5 Qf5 1/2-1/2

[Event "PNWCC vs Europe Hybrid 08"]
[Site "Chess.com INT"]
[Date "2022.08.20"]
[Round "3"]
[White "Simeonov, Stefan"]
[Black "Vemparala, Nikash"]
[Result "1/2-1/2"]
[WhiteElo "2159"]
[BlackElo "2034"]
[PlyCount "148"]
[EventDate "2022.08.19"]
[EventType "team-match"]
[EventRounds "8"]
[EventCountry "USA"]
[SourceTitle "EXT 2024"]
[Source "ChessBase"]
[SourceDate "2023.10.10"]
[SourceVersion "1"]
[SourceVersionDate "2023.10.10"]
[SourceQuality "1"]
[WhiteTeam "Europe"]
[BlackTeam "PNWCC"]
[BlackTeamCountry "USA"]

1. e4 e5 2. Nf3 Nc6 3. Bb5 Nf6 4. d3 Bc5 5. 0-0 d6 6. c3 0-0 7. Re1 a6 8. Ba4 Ba7 9. h3 h6 10. Nbd2 b5 11. Bb3 Re8 12. Nf1 d5 13. Qe2 Be6 14. Rd1 Qd7 15. Ng3 Rad8 16. Be3 d4 17. Bxe6 fxe6 18. cxd4 exd4 19. Bd2 Rf8 20. Rac1 Bb6 21. Nh4 Ne5 22. f4 Nc4 23. Ng6 Rfe8 24. Ne5 Nxe5 25. fxe5 Nh7 26. Qg4 Kh8 27. b4 Rc8 28. Nh5 c5 29. bxc5 Bxc5 30. Rf1 Ba3 31. Rxc8 Rxc8 32. Rf3 Rc2 33. Bxh6 gxh6 34. Qg6 Rc7 35. Qxh6 Qe7 36. Nf4 Qg5 37. Qxe6 Rg7 38. g3 Bb4 39. Kg2 Be1 40. h4 Qg4 41. Qxg4 Rxg4 42. e6 Bxg3 43. Rxg3 Rxf4 44. e7 Nf6 45. e5 Ne8 46. Rf3 Rg4+ 47. Kf2 Rg8 48. Rf7 Rg7 49. e6 Nc7 50. Kf3 Rg8 51. Rf8 Kg7 52. Rxg8+ Kxg8 53. Ke4 Kg7 54. Ke5 Ne8 55. Kxd4 Kf6 56. Kd5 Kxe7 57. Kc6 Kxe6 58. Kb6 Kf5 59. Kxa6 b4 60. Ka5 Kg4 61. Kxb4 Kxh4 62. Kc5 Kg5 63. Kc6 Kf6 64. a4 Ke7 65. a5 Nd6 66. d4 Nc8 67. a6 Kd8 68. d5 Ne7+ 69. Kb7 Nxd5 70. a7 Nc7 71. Kb8 Kd7 72. Kb7 Kd8 73. Kb8 Kd7 74. Kb7 Kd8 1/2-1/2

[Event "PNWCC-Bulgaria Hybrid 06"]
[Site "Chess.com INT"]
[Date "2022.06.18"]
[Round "?"]
[White "Simeonov, Stefan"]
[Black "Iinuma, Paul Y"]
[Result "1-0"]
[WhiteElo "2200"]
[BlackElo "2010"]
[PlyCount "135"]
[EventDate "2022.06.18"]
[EventType "team-match"]
[EventRounds "4"]
[EventCountry "USA"]
[SourceTitle "EXT 2024"]
[Source "ChessBase"]
[SourceDate "2023.10.10"]
[SourceVersion "1"]
[SourceVersionDate "2023.10.10"]
[SourceQuality "1"]
[WhiteTeam "Bulgaria"]
[BlackTeam "PNWCC"]
[WhiteTeamCountry "BUL"]
[BlackTeamCountry "USA"]

1. e4 c5 2. Nf3 d6 3. d4 cxd4 4. Nxd4 Nf6 5. Nc3 a6 6. g3 e5 7. Nb3 Bg4 8. Qd3 Nbd7 9. h3 Be6 10. Bg2 Rc8 11. Nd5 Bxd5 12. exd5 Qc7 13. c3 Be7 14. 0-0 0-0 15. Kh2 Rfe8 16. Be3 Bf8 17. f4 exf4 18. Bxf4 g6 19. g4 Bg7 20. Qg3 Ne5 21. Rae1 Nfd7 22. g5 Nb6 23. Nd2 Na4 24. Ne4 Nxb2 25. Nf6+ Bxf6 26. gxf6 Nbd3 27. Bxe5 Nxe5 28. Qg5 Nd7 29. Rxe8+ Rxe8 30. Qh6 Nxf6 31. Rxf6 Qxc3 32. Qf4 Re2 33. Rxf7 Qb2 34. Rf8+ Kg7 35. Qf7+ Kh6 36. Qf3 Kg7 37. Rf7+ Kg8 38. Rc7 Rf2 39. Qg3 Rxg2+ 40. Qxg2 Qe5+ 41. Qg3 Qe2+ 42. Kg1 Qd1+ 43. Kg2 Qxd5+ 44. Qf3 Qxa2+ 45. Kg3 Qe6 46. Qc3 Qe5+ 47. Qxe5 dxe5 48. Rxb7 a5 49. Ra7 a4 50. Kf3 a3 51. Ke4 a2 52. Rxa2 Kg7 53. Kxe5 Kh6 54. Ra7 Kg5 55. Ke4 h6 56. Ra6 Kh5 57. Kf4 Kh4 58. Rxg6 h5 59. Rh6 Kxh3 60. Rxh5+ Kg2 61. Rh4 Kf2 62. Rh2+ Ke1 63. Kf3 Kd1 64. Ke3 Kc1 65. Kd3 Kb1 66. Kc3 Ka1 67. Kb3 Kb1 68. Rh1# 1-0

[Event "PNWCC vs Europe Hybrid 05"]
[Site "Chess.com INT"]
[Date "2022.05.08"]
[Round "4"]
[White "Sivakumar, Shaashwath"]
[Black "Simeonov, Stefan"]
[Result "1-0"]
[WhiteElo "2123"]
[BlackElo "2230"]
[PlyCount "83"]
[EventDate "2022.05.07"]
[EventType "team-tourn"]
[EventRounds "4"]
[EventCountry "USA"]
[SourceTitle "EXT 2023"]
[Source "ChessBase"]
[SourceDate "2022.10.05"]
[SourceVersion "1"]
[SourceVersionDate "2022.10.05"]
[SourceQuality "1"]
[WhiteTeam "PNWCC"]
[BlackTeam "Europe"]
[WhiteTeamCountry "USA"]

1. d4 Nf6 2. c4 e6 3. g3 c5 4. d5 exd5 5. cxd5 d6 6. Bg2 g6 7. Nc3 Bg7 8. Nf3 0-0 9. 0-0 Re8 10. Bf4 a6 11. a4 Nh5 12. Bg5 Bf6 13. Bxf6 Nxf6 14. Nd2 Nbd7 15. Nc4 Ne5 16. Nxe5 Rxe5 17. e4 Rb8 18. f4 Re8 19. Qf3 b5 20. axb5 axb5 21. e5 Bg4 22. Qf2 b4 23. Nd1 Nh5 24. Ne3 Bd7 25. Nc4 Bb5 26. Nxd6 Bxf1 27. Rxf1 Re7 28. Ne4 c4 29. g4 f5 30. Nc5 Nxf4 31. Qxf4 Qb6 32. Qf2 Rxe5 33. Nd7 Qd6 34. Nxb8 Qxb8 35. Qd4 Qd6 36. Qxc4 fxg4 37. Qxg4 Kg7 38. Qf4 Qc5+ 39. Kh1 Rf5 40. Qd2 Rh5 41. Qf2 Qd6 42. h3 1-0

[Event "PNWCC-Bulgaria Hybrid m2"]
[Site "Chess.com INT"]
[Date "2021.12.22"]
[Round "10"]
[White "Simeonov, Stefan"]
[Black "Krishnakumar, Sriram"]
[Result "1/2-1/2"]
[WhiteElo "2297"]
[BlackElo "2136"]
[PlyCount "39"]
[EventDate "2021.12.18"]
[EventType "team-match"]
[EventRounds "12"]
[EventCountry "USA"]
[SourceTitle "CBM 206 Extra"]
[Source "ChessBase"]
[SourceDate "2022.03.31"]
[SourceVersion "1"]
[SourceVersionDate "2022.03.31"]
[SourceQuality "1"]
[WhiteTeam "Bulgaria"]
[BlackTeam "PNWCC"]
[WhiteTeamCountry "BUL"]
[BlackTeamCountry "USA"]

1. e4 e5 2. Nf3 Nc6 3. Bb5 a6 4. Ba4 Nf6 5. 0-0 b5 6. Bb3 Bc5 7. c3 d6 8. h3 0-0 9. d4 Bb6 10. a4 Bb7 11. Re1 h6 12. Be3 exd4 13. cxd4 Na5 14. Bc2 Re8 15. d5 Bxe3 16. Rxe3 Nc4 17. Rb3 Na5 18. Re3 Nc4 19. Rb3 Na5 20. Re3 1/2-1/2

[Event "BUL-chT GpA 63rd"]
[Site "Sunny Beach"]
[Date "2013.09.22"]
[Round "4.4"]
[White "Simeonov, Stefan"]
[Black "Pantev, Veselin"]
[Result "0-1"]
[WhiteElo "2387"]
[BlackElo "2408"]
[PlyCount "87"]
[EventDate "2013.09.19"]
[EventType "team-tourn"]
[EventRounds "7"]
[EventCountry "BUL"]
[SourceTitle "CBM 156 Extra"]
[Source "ChessBase"]
[SourceDate "2013.10.22"]
[SourceVersion "1"]
[SourceVersionDate "2013.10.22"]
[SourceQuality "1"]
[WhiteTeam "Vidin Nayden Voynov"]
[BlackTeam "Radnevo Maritsa Iztok"]
[WhiteTeamCountry "BUL"]
[BlackTeamCountry "BUL"]

1. e4 c5 2. Nf3 Nc6 3. d4 cxd4 4. Nxd4 e5 5. Nb5 d6 6. N1c3 a6 7. Na3 b5 8. Nd5 Nce7 9. Bg5 h6 10. Bxb5+ axb5 11. Nxb5 Ra7 12. Ndc7+ Rxc7 13. Nxd6+ Qxd6 14. Qxd6 Rc6 15. Qxe5 hxg5 16. 0-0-0 Nf6 17. Rd2 Nd7 18. Rhd1 f5 19. Qb5 Rhh6 20. exf5 Rc5 21. Qa4 Rhc6 22. b3 Nb6 23. Qa7 Bxf5 24. c4 Nxc4 25. bxc4 Rxc4+ 26. Kb2 g6 27. Rd8+ Kf7 28. Rxf8+ Kxf8 29. Re1 Rc7 30. Qa6 Kf7 31. h3 Rb4+ 32. Ka1 Rc6 33. Qa5 Rcb6 34. a3 R4b5 35. Qd2 Rb3 36. Re3 Rb1+ 37. Ka2 Be6+ 38. Rxe6 Kxe6 39. a4 R1b4 40. Qe3+ Kd6 41. Qg3+ Kd7 42. Qd3+ Kc7 43. Ka3 Nc6 44. Qxg6 0-1

[Event "BUL-chT GpA 63rd"]
[Site "Sunny Beach"]
[Date "2013.09.21"]
[Round "3.4"]
[White "Yanev, Tihomir"]
[Black "Simeonov, Stefan"]
[Result "1-0"]
[WhiteElo "2424"]
[BlackElo "2387"]
[PlyCount "99"]
[EventDate "2013.09.19"]
[EventType "team-tourn"]
[EventRounds "7"]
[EventCountry "BUL"]
[SourceTitle "CBM 156 Extra"]
[Source "ChessBase"]
[SourceDate "2013.10.22"]
[SourceVersion "1"]
[SourceVersionDate "2013.10.22"]
[SourceQuality "1"]
[WhiteTeam "Plovdiv Lokomotiv"]
[BlackTeam "Vidin Nayden Voynov"]
[WhiteTeamCountry "BUL"]
[BlackTeamCountry "BUL"]

1. d4 Nf6 2. c4 e6 3. Nc3 c5 4. d5 exd5 5. cxd5 d6 6. Nf3 g6 7. Bf4 a6 8. a4 Bg7 9. e3 0-0 10. Be2 Bg4 11. h3 Bxf3 12. Bxf3 Qe7 13. 0-0 Nbd7 14. Rb1 c4 15. b3 Rac8 16. a5 Nh5 17. Bxh5 Bxc3 18. Be2 cxb3 19. Rxb3 Rc7 20. Qb1 Ne5 21. Qa2 Rfc8 22. Rfb1 f5 23. Rb6 Nf7 24. Bf1 g5 25. Bg3 Be5 26. Bxe5 Qxe5 27. Rxb7 Rxb7 28. Rxb7 Rc1 29. Rb1 Qc3 30. Rxc1 Qxc1 31. Qc4 Qe1 32. Qxa6 Kg7 33. Qb5 Ne5 34. a6 g4 35. a7 gxh3 36. Qb2 hxg2 37. Kxg2 Qd1 38. Qxe5+ dxe5 39. a8Q Qg4+ 40. Kh2 Qh4+ 41. Kg1 Qg4+ 42. Bg2 Qd1+ 43. Kh2 Qh5+ 44. Bh3 Qf3 45. Qb7+ Kh6 46. Qc6+ Kg5 47. Qc2 e4 48. d6 Kh4 49. Bg2 Qh5 50. d7 1-0

[Event "BUL-chT GpA 63rd"]
[Site "Sunny Beach"]
[Date "2013.09.20"]
[Round "2.4"]
[White "Simeonov, Stefan"]
[Black "Nikolov, Momchil"]
[Result "1-0"]
[WhiteElo "2387"]
[BlackElo "2539"]
[PlyCount "107"]
[EventDate "2013.09.19"]
[EventType "team-tourn"]
[EventRounds "7"]
[EventCountry "BUL"]
[SourceTitle "CBM 156 Extra"]
[Source "ChessBase"]
[SourceDate "2013.10.22"]
[SourceVersion "1"]
[SourceVersionDate "2013.10.22"]
[SourceQuality "1"]
[WhiteTeam "Vidin Nayden Voynov"]
[BlackTeam "Razgrad Abritus"]
[WhiteTeamCountry "BUL"]
[BlackTeamCountry "BUL"]

1. e4 e5 2. Nf3 Nc6 3. Bb5 a6 4. Ba4 Nf6 5. 0-0 Be7 6. Re1 b5 7. Bb3 d6 8. c3 0-0 9. h3 Na5 10. Bc2 c5 11. d3 Nc6 12. Nbd2 Re8 13. Nf1 h6 14. Ne3 Bf8 15. Nd5 Nxd5 16. exd5 Ne7 17. a4 Bd7 18. c4 bxc4 19. dxc4 Rb8 20. Nh4 Nxd5 21. cxd5 Qxh4 22. Qd3 g6 23. Qxa6 Qb4 24. Re4 Qb7 25. Qc4 Bf5 26. Re2 Bxc2 27. Rxc2 Qb3 28. Ra3 Qb7 29. a5 Ra8 30. a6 Qb6 31. Rcc3 Qb4 32. Qa2 Reb8 33. Rab3 Qe4 34. Rxb8 Rxb8 35. Be3 Kg7 36. Ra3 Qb4 37. Kh2 Be7 38. Qb3 Qxb3 39. Rxb3 Ra8 40. Rb7 Bg5 41. a7 Bxe3 42. fxe3 Kf6 43. e4 h5 44. Kg3 g5 45. Kf3 g4+ 46. hxg4 hxg4+ 47. Kxg4 Kg6 48. Rd7 f6 49. Rb7 f5+ 50. exf5+ Kf6 51. b3 e4 52. Kf4 e3 53. g4 Rg8 54. a8Q 1-0

[Event "BUL-chT-A 62nd"]
[Site "Sunny Beach"]
[Date "2012.09.25"]
[Round "7.3"]
[White "Simeonov, Stefan"]
[Black "Pantev, Veselin"]
[Result "1/2-1/2"]
[WhiteElo "2375"]
[BlackElo "2381"]
[PlyCount "61"]
[EventDate "2012.09.19"]
[EventType "team-tourn"]
[EventRounds "7"]
[EventCountry "BUL"]
[SourceTitle "CBM 150 Extra"]
[Source "ChessBase"]
[SourceDate "2012.10.19"]
[SourceVersion "1"]
[SourceVersionDate "2012.10.19"]
[SourceQuality "1"]
[WhiteTeam "Vidin Nayden Voynov"]
[BlackTeam "Blagoevgrad Victory"]
[WhiteTeamCountry "BUL"]
[BlackTeamCountry "BUL"]

1. e4 c6 2. d4 d5 3. Nd2 dxe4 4. Nxe4 Nf6 5. Nxf6+ exf6 6. Bc4 Bd6 7. Qe2+ Qe7 8. Qxe7+ Kxe7 9. Ne2 Be6 10. Bxe6 fxe6 11. Bf4 Na6 12. Bxd6+ Kxd6 13. 0-0-0 Nc7 14. Rhe1 Rae8 15. Nf4 Nd5 16. Nxd5 exd5 17. f3 b6 18. Kd2 g6 19. c3 Re6 20. Rxe6+ Kxe6 21. Re1+ Kf7 22. Kd3 Rd8 23. Re2 Rd6 24. Re3 Re6 25. Ke2 f5 26. Rxe6 Kxe6 27. f4 h6 28. h4 h5 29. Kd3 b5 30. b4 Kd6 31. g3 1/2-1/2

[Event "BUL-chT-A 62nd"]
[Site "Sunny Beach"]
[Date "2012.09.23"]
[Round "5.3"]
[White "Simeonov, Stefan"]
[Black "Chatalbashev, Boris"]
[Result "1-0"]
[WhiteElo "2375"]
[BlackElo "2549"]
[PlyCount "63"]
[EventDate "2012.09.19"]
[EventType "team-tourn"]
[EventRounds "7"]
[EventCountry "BUL"]
[SourceTitle "CBM 150 Extra"]
[Source "ChessBase"]
[SourceDate "2012.10.19"]
[SourceVersion "1"]
[SourceVersionDate "2012.10.19"]
[SourceQuality "1"]
[WhiteTeam "Vidin Nayden Voynov"]
[BlackTeam "Plovdiv Lokomotiv"]
[WhiteTeamCountry "BUL"]
[BlackTeamCountry "BUL"]

1. e4 g6 2. d4 Bg7 3. Nc3 c6 4. Be3 Qb6 5. Qd2 Qxb2 6. Rb1 Qa3 7. Bc4 e6 8. e5 d5 9. exd6 Nf6 10. Bf4 0-0 11. Nf3 Nbd7 12. 0-0 Qa5 13. Rfe1 Qd8 14. Ne5 Nb6 15. Bb3 Nbd5 16. Bxd5 cxd5 17. h3 a6 18. Na4 Ne4 19. Rxe4 dxe4 20. Nb6 f6 21. Nxa8 fxe5 22. Bxe5 b5 23. Nc7 Qd7 24. Rb3 Rf5 25. Rc3 Bf8 26. Na8 Qd8 27. Nb6 Bb7 28. Rc7 Bxd6 29. Rg7+ Kf8 30. Nd7+ Ke8 31. Bxd6 Qh4 32. Ne5 1-0

[Event "BUL-chT-A 62nd"]
[Site "Sunny Beach"]
[Date "2012.09.20"]
[Round "2.4"]
[White "Rusev, Jeliazko"]
[Black "Simeonov, Stefan"]
[Result "1/2-1/2"]
[WhiteElo "2263"]
[BlackElo "2375"]
[PlyCount "87"]
[EventDate "2012.09.19"]
[EventType "team-tourn"]
[EventRounds "7"]
[EventCountry "BUL"]
[SourceTitle "CBM 150 Extra"]
[Source "ChessBase"]
[SourceDate "2012.10.19"]
[SourceVersion "1"]
[SourceVersionDate "2012.10.19"]
[SourceQuality "1"]
[WhiteTeam "Jambol Tundja"]
[BlackTeam "Vidin Nayden Voynov"]
[WhiteTeamCountry "BUL"]
[BlackTeamCountry "BUL"]

1. d4 Nf6 2. Nf3 c5 3. e3 b6 4. b3 g6 5. Bb2 Bg7 6. Nbd2 Bb7 7. Bd3 0-0 8. 0-0 d6 9. c4 cxd4 10. exd4 Nbd7 11. Re1 Re8 12. Qc2 Rc8 13. Rad1 d5 14. Qb1 e6 15. a4 Bf8 16. Ne5 Bb4 17. Qa1 Qe7 18. Nxd7 Qxd7 19. Bf1 Red8 20. c5 Ne4 21. Bb5 Qe7 22. Nxe4 dxe4 23. Re3 Bd5 24. Ba6 Rc7 25. Rh3 f6 26. Qc1 bxc5 27. Qh6 cxd4 28. Bxd4 e5 29. Be3 Bxb3 30. Qxh7+ Qxh7 31. Rxd8+ Kg7 32. Rxh7+ Kxh7 33. Ra8 Bc5 34. a5 g5 35. g4 Bd4 36. Bc8 Kg7 37. Bf5 Bc2 38. Kg2 Kf7 39. Rh8 Ke7 40. Rh7+ Kd6 41. Rh6 Ke7 42. Rh7+ Kd8 43. Rh8+ Ke7 44. Rh7+ 1/2-1/2

[Event "BUL-chT-A 62nd"]
[Site "Sunny Beach"]
[Date "2012.09.19"]
[Round "1.4"]
[White "Simeonov, Stefan"]
[Black "Shishkov, Minko"]
[Result "1-0"]
[WhiteElo "2375"]
[BlackElo "2256"]
[PlyCount "93"]
[EventDate "2012.09.19"]
[EventType "team-tourn"]
[EventRounds "7"]
[EventCountry "BUL"]
[SourceTitle "CBM 150 Extra"]
[Source "ChessBase"]
[SourceDate "2012.10.19"]
[SourceVersion "1"]
[SourceVersionDate "2012.10.19"]
[SourceQuality "1"]
[WhiteTeam "Vidin Nayden Voynov"]
[BlackTeam "Maritsa Iztok Radnevo"]
[WhiteTeamCountry "BUL"]
[BlackTeamCountry "BUL"]

1. e4 c5 2. Nf3 e6 3. d4 cxd4 4. Nxd4 Qb6 5. Nc3 Bc5 6. Na4 Qa5+ 7. c3 Bxd4 8. Qxd4 Nf6 9. Nc5 0-0 10. Be3 Nc6 11. Qd6 b6 12. Nb3 Qa4 13. f3 Ba6 14. Bxa6 Qxa6 15. Kf2 Rad8 16. Rhd1 Ne8 17. Qg3 f6 18. Nd4 Nxd4 19. Rxd4 Rf7 20. b3 Rc8 21. c4 b5 22. cxb5 Rc2+ 23. Rd2 Rxd2+ 24. Bxd2 Qxb5 25. Rc1 Qb7 26. Qf4 h6 27. Qe3 f5 28. e5 f4 29. Qc5 Kh7 30. Rc2 g5 31. Qc8 Qb6+ 32. Qc5 Ng7 33. Qxb6 axb6 34. Rc7 Kg6 35. Bc3 Nf5 36. Rb7 Ne3 37. Bd4 Nd5 38. Bxb6 Nb4 39. a4 Nd3+ 40. Ke2 Nxe5 41. a5 Rf8 42. a6 Rc8 43. Rc7 Ra8 44. a7 Kf5 45. b4 d5 46. Rb7 Nc4 47. Bc5 1-0

[Event "FRM-chT 19th"]
[Site "Struga"]
[Date "2010.08.14"]
[Round "6"]
[White "Mitkov, Nikola"]
[Black "Simeonov, Stefan"]
[Result "1-0"]
[WhiteElo "2520"]
[BlackElo "2366"]
[PlyCount "125"]
[EventDate "2010.08.09"]
[EventType "team"]
[EventRounds "7"]
[EventCountry "MKD"]
[SourceTitle "CBM 137 Extra"]
[Source "ChessBase"]
[SourceDate "2010.09.01"]
[SourceVersion "1"]
[SourceVersionDate "2010.09.01"]
[SourceQuality "1"]

1. e4 c5 2. Nc3 d6 3. f4 Nc6 4. Nf3 g6 5. Bc4 Bg7 6. 0-0 Nf6 7. d3 0-0 8. Bb3 Nd4 9. Nxd4 cxd4 10. Ne2 Qb6 11. Kh1 a5 12. a4 Be6 13. Ra3 Nd7 14. f5 Bxb3 15. Rxb3 Qc6 16. Rb5 Nc5 17. c3 dxc3 18. Nxc3 Bxc3 19. bxc3 f6 20. Be3 b6 21. Qc2 Kg7 22. c4 Rfe8 23. h4 Kf7 24. Rf3 Rg8 25. Qd1 gxf5 26. Rxf5 Rg6 27. Bxc5 dxc5 28. Qh5 Rag8 29. Rf2 Qe6 30. Rfb2 Qg4 31. Qxg4 Rxg4 32. Rxb6 Rd8 33. R2b3 Rdg8 34. Rb2 Rd8 35. R6b3 Rg3 36. Rd2 Re3 37. Rb5 Rdxd3 38. Rxd3 Rxd3 39. Rxa5 Rd4 40. Rxc5 Rxe4 41. h5 Kg7 42. a5 Kh6 43. Kh2 Re3 44. Rb5 Kg7 45. Rb7 Re6 46. Rb4 Ra6 47. Ra4 Kh6 48. Kg3 Kg5 49. Kf3 f5 50. Ke3 e5 51. c5 Kxh5 52. Kd3 e4+ 53. Kd4 Kg4 54. Ra2 h5 55. Kd5 e3 56. c6 e2 57. Rxe2 Rxa5+ 58. Kd6 f4 59. c7 Ra8 60. Rb2 Rc8 61. Rb3 Rg8 62. Rb8 Rg6+ 63. Kd5 1-0

[Event "FRM-chT 19th"]
[Site "Struga"]
[Date "2010.08.11"]
[Round "3"]
[White "Vladimirov, Vladimir"]
[Black "Simeonov, Stefan"]
[Result "1/2-1/2"]
[WhiteElo "2192"]
[BlackElo "2366"]
[PlyCount "27"]
[EventDate "2010.08.09"]
[EventType "team"]
[EventRounds "7"]
[EventCountry "MKD"]
[SourceTitle "CBM 137 Extra"]
[Source "ChessBase"]
[SourceDate "2010.09.01"]
[SourceVersion "1"]
[SourceVersionDate "2010.09.01"]
[SourceQuality "1"]

1. e4 c5 2. Nc3 d6 3. Nf3 Bg4 4. Bb5+ Nd7 5. h3 Bxf3 6. Qxf3 a6 7. Bxd7+ Qxd7 8. d3 e6 9. 0-0 Nf6 10. Be3 Be7 11. Qg3 0-0 12. Bh6 Ne8 13. Bg5 Bxg5 14. Qxg5 1/2-1/2

[Event "FRM-chT 19th"]
[Site "Struga"]
[Date "2010.08.10"]
[Round "2"]
[White "Simeonov, Stefan"]
[Black "Simov, Saso"]
[Result "1-0"]
[WhiteElo "2366"]
[BlackElo "2215"]
[PlyCount "49"]
[EventDate "2010.08.09"]
[EventType "team"]
[EventRounds "7"]
[EventCountry "MKD"]
[SourceTitle "CBM 137 Extra"]
[Source "ChessBase"]
[SourceDate "2010.09.01"]
[SourceVersion "1"]
[SourceVersionDate "2010.09.01"]
[SourceQuality "1"]

1. e4 d6 2. d4 Nf6 3. Nc3 g6 4. f4 Bg7 5. Nf3 0-0 6. Bd3 Na6 7. a3 c5 8. d5 Nc7 9. Qe2 Rb8 10. a4 e6 11. dxe6 Nxe6 12. 0-0 d5 13. exd5 Nxd5 14. Nxd5 Qxd5 15. c3 Qd6 16. Ne5 Nc7 17. Be3 Nd5 18. Bd2 Be6 19. Rad1 Qc7 20. Nc4 Rfe8 21. Qf2 f5 22. Rfe1 Bf7 23. g3 Nb6 24. Ne5 Bb3 25. a5 1-0

[Event "BUL-chT-A 60th"]
[Site "Albena"]
[Date "2010.06.02"]
[Round "7.1"]
[White "Simeonov, Stefan"]
[Black "Delchev, Aleksander"]
[Result "0-1"]
[WhiteElo "2373"]
[BlackElo "2625"]
[PlyCount "98"]
[EventDate "2010.05.27"]
[EventType "team-tourn"]
[EventRounds "7"]
[EventCountry "BUL"]
[SourceTitle "CBM 136 Extra"]
[Source "ChessBase"]
[SourceDate "2010.07.02"]
[SourceVersion "2"]
[SourceVersionDate "2010.07.15"]
[SourceQuality "1"]
[WhiteTeam "Plovdiv Maritsa"]
[BlackTeam "Vidin Nayden Voynov"]
[WhiteTeamCountry "BUL"]
[BlackTeamCountry "BUL"]

1. e4 c5 2. Nf3 e6 3. d4 cxd4 4. Nxd4 a6 5. Nc3 Qc7 6. g3 Bb4 7. Qd2 Nf6 8. Bg2 Nc6 9. a3 Be7 10. 0-0 0-0 11. Kh1 d6 12. b3 Nxd4 13. Qxd4 b5 14. Bb2 Bb7 15. Rac1 Rac8 16. Nd1 e5 17. Qd3 Nd7 18. Nc3 Nb6 19. Rcd1 Rfd8 20. Qe3 Qc5 21. Qe2 a5 22. Rd2 b4 23. axb4 axb4 24. Nd5 Nxd5 25. exd5 Ra8 26. Re1 Ra2 27. Bd4 Qc7 28. Be3 Ba6 29. Qg4 Qc3 30. h4 Bc8 31. Qe2 Ba6 32. Qg4 Bc8 33. Qe2 f5 34. Bd4 Qc7 35. f4 Ba6 36. Qe3 exd4 37. Qxe7 Qxe7 38. Rxe7 d3 39. Rc7 Re8 40. Bf3 Re2 41. Rd1 dxc2 42. Rc1 Rf2 43. Bg2 Bd3 44. Kg1 Rd2 45. Bf3 Rb2 46. Re1 Rb1 47. Rc8+ Kf7 48. Rce8 Rxe1+ 49. Rxe1 Be4 0-1

[Event "BUL-chT-A 60th"]
[Site "Albena"]
[Date "2010.05.28"]
[Round "2.2"]
[White "Badev, Kiril"]
[Black "Simeonov, Stefan"]
[Result "1-0"]
[WhiteElo "2348"]
[BlackElo "2373"]
[PlyCount "79"]
[EventDate "2010.05.27"]
[EventType "team-tourn"]
[EventRounds "7"]
[EventCountry "BUL"]
[SourceTitle "CBM 136 Extra"]
[Source "ChessBase"]
[SourceDate "2010.07.02"]
[SourceVersion "2"]
[SourceVersionDate "2010.07.15"]
[SourceQuality "1"]
[WhiteTeam "Maritsa Iztok Radnevo"]
[BlackTeam "Plovdiv Maritsa"]
[WhiteTeamCountry "BUL"]
[BlackTeamCountry "BUL"]

1. e4 c5 2. Nf3 d6 3. d4 cxd4 4. Nxd4 Nf6 5. Nc3 a6 6. h3 e6 7. g4 d5 8. exd5 Nxd5 9. Ne4 Nd7 10. Bg2 N7f6 11. Nxf6+ Qxf6 12. Ne2 Bc5 13. 0-0 0-0 14. c4 Nb4 15. Nc3 Rd8 16. Qe2 Bd7 17. Ne4 Qe5 18. Bg5 f6 19. Bh4 Bd4 20. Rad1 Ba4 21. b3 Bc6 22. Bg3 Qa5 23. Nd6 Be5 24. Bxe5 Qxe5 25. Qxe5 fxe5 26. Nxb7 Rxd1 27. Rxd1 Bxg2 28. Kxg2 Nxa2 29. c5 Rc8 30. Rd6 Rc7 31. c6 Nb4 32. Rd8+ Kf7 33. Rd7+ Rxd7 34. cxd7 Nc6 35. d8Q Nxd8 36. Nxd8+ Ke7 37. Nb7 e4 38. Kf1 Kf6 39. Nc5 a5 40. Nb7 1-0

[Event "BUL-chT-A 60th"]
[Site "Albena"]
[Date "2010.05.27"]
[Round "1.4"]
[White "Simeonov, Stefan"]
[Black "Chatalbashev, Boris"]
[Result "1-0"]
[WhiteElo "2373"]
[BlackElo "2593"]
[PlyCount "80"]
[EventDate "2010.05.27"]
[EventType "team-tourn"]
[EventRounds "7"]
[EventCountry "BUL"]
[SourceTitle "CBM 136 Extra"]
[Source "ChessBase"]
[SourceDate "2010.07.02"]
[SourceVersion "2"]
[SourceVersionDate "2010.07.15"]
[SourceQuality "1"]
[WhiteTeam "Plovdiv Maritsa"]
[BlackTeam "Plovdiv Lokomotiv"]
[WhiteTeamCountry "BUL"]
[BlackTeamCountry "BUL"]

1. e4 g6 2. d4 Bg7 3. Nc3 d6 4. f4 Nf6 5. Nf3 0-0 6. Bd3 Na6 7. 0-0 c5 8. d5 Bg4 9. h3 Bxf3 10. Qxf3 Nb4 11. a3 Nxd3 12. Qxd3 e6 13. dxe6 fxe6 14. f5 Qb6 15. Be3 c4 16. Qe2 Qxb2 17. Bd4 Nh5 18. Qxc4 d5 19. Qd3 dxe4 20. Qxe4 Bxd4+ 21. Qxd4 Ng3 22. fxg6 Qxc3 23. gxh7+ Kxh7 24. Qh4+ Kg8 25. Qg4+ Qg7 26. Qxe6+ Kh7 27. Rfe1 Rae8 28. Qc4 Ne2+ 29. Kh1 Nf4 30. Rg1 Rc8 31. Qe4+ Ng6 32. Rad1 Rcd8 33. Rge1 Rxd1 34. Rxd1 Rf7 35. Kg1 Qe5 36. Qd3 Kg7 37. Kh1 b6 38. Qb3 Rf2 39. Qd3 Kh6 40. a4 Rxg2 1-0